[Event "12th Monarch Assurance"]
[Site "Port Erin IOM"]
[Date "2003.09.02"]
[Round "6"]
[White "Adams,P"]
[Black "Young,M"]
[Result "1/2-1/2"]
[WhiteElo "2115"]
[BlackElo "2005"]

1.e4 d5 2.exd5 Qxd5 3.Nc3 Qd6 4.d4 Nf6 5.Nf3 a6 6.g3 Bg4 7.Bg2 e6 8.O-O Be7
9.Bf4 Qd8 10.Qd2 Bxf3 11.Bxf3 c6 12.Rfe1 O-O 13.Rad1 Nbd7 14.a3 Rc8  1/2-1/2

[Event "Polish Extraleague"]
[Site "Lubniewice POL"]
[Date "2003.09.03"]
[Round "5"]
[White "Jedryczka,K"]
[Black "Myc,M"]
[Result "1-0"]
[WhiteElo "2354"]
[BlackElo "2305"]

1.e4 d5 2.exd5 Qxd5 3.Nc3 Qd6 4.g3 Nf6 5.Bg2 Bg4 6.Nge2 c6 7.d4 e6 8.O-O Be7
9.a3 O-O 10.h3 Bxe2 11.Nxe2 Qc7 12.c4 Nbd7 13.Be3 Rfe8 14.Nc3 a5 15.d5 Bd6
16.dxc6 bxc6 17.Qa4 Rec8 18.Qc2 Rab8 19.Na4 Rd8 20.Rfd1 Be7 21.Rd2 c5 22.Rad1 h6
23.Nc3 e5 24.Nb5 Qb6 25.Rd6 Bxd6 26.Rxd6 Rdc8 27.Rxb6 Rxb6 28.Qa4  1-0

[Event "12th Monarch Assurance"]
[Site "Port Erin IOM"]
[Date "2003.09.03"]
[Round "7"]
[White "Emms,J"]
[Black "Menacher,M"]
[Result "0-1"]
[WhiteElo "2520"]
[BlackElo "2327"]

1.e4 d5 2.exd5 Qxd5 3.Nc3 Qd6 4.d4 Nf6 5.Nf3 a6 6.g3 Bg4 7.h3 Bh5 8.Bg2 Nc6
9.O-O O-O-O 10.Be3 Qb4 11.a3 Qxb2 12.Qd2 Qb6 13.g4 Bg6 14.d5 Qa5 15.dxc6 Rxd2
16.cxb7+ Kxb7 17.Bxd2 Kc8 18.Rab1 e6 19.Nd4 Qc5 20.Nc6 Nd7 21.Rb3 Bxc2 22.Rb2 Bd3
23.Rc1 Qxa3 24.Na7+ Kd8 25.Nc6+ Kc8 26.Na7+ Kd8 27.Nc6+ Ke8 28.Rb7 Bd6 29.Ne4 Bxe4
30.Bxe4 Qxh3 31.Bg2 Qh2+ 32.Kf1 f6 33.Rc3 Qh4 34.Bf3 h5 35.gxh5 Kf7 36.Ke2 Rxh5
37.Rd3 Nc5 38.Rxd6 Nxb7 39.Rd7+ Kg8 40.Rd4 Qh3 41.Ne7+ Kh7 42.Bxb7 Re5+  0-1

[Event "12th Monarch Assurance"]
[Site "Port Erin IOM"]
[Date "2003.09.05"]
[Round "9"]
[White "Al Modiahki,M"]
[Black "Zatonskih,A"]
[Result "1/2-1/2"]
[WhiteElo "2574"]
[BlackElo "2423"]

1.e4 d5 2.exd5 Qxd5 3.Nc3 Qd6 4.d4 Nf6 5.Bg5 c6 6.Qd2 Bf5 7.O-O-O e6 8.Nf3 Nbd7
9.Bc4 Be7 10.Nh4 Bg6 11.Nxg6 hxg6 12.h4 Nb6 13.Be2 O-O-O 14.g3 Nbd5 15.Bf3 Qc7
16.Na4 Nd7 17.c4 Bxg5 18.Qxg5 N5b6 19.Nxb6+ Nxb6 20.b3 Rhg8 21.h5 gxh5 22.Rxh5 Rd7
23.Rh7 Qd8 24.Qe5 Qf8 25.Qa5 Kb8 26.Kb2 Ka8 27.Qc5 Qxc5 28.dxc5 Rxd1 29.Bxd1 Nd7
30.Bh5 g6 31.Be2 Rf8 32.b4 Kb8 33.f4 Nf6 34.Rg7 Ne8 35.Rh7 Nf6 36.Rh2 Rd8
37.Kc2 Ne4 38.Bd3 Nxg3 39.Rh7 Rf8 40.Kd2 Nh5 41.Ke3 Kc8 42.b5 Kd8 43.a4 Ke7
44.Bxg6 Nf6 45.Rg7 Nd7 46.bxc6 bxc6 47.Be4 Nxc5 48.Bxc6 Rc8 49.Bf3 Nxa4 50.Bh5 Rf8
51.Rg5 Nb6 52.Be2 Rc8 53.Kd4 Rc7 54.Ra5 Nd7 55.c5 Kf6 56.Bd3 e5+ 57.fxe5+ Nxe5
58.Be4 Nd7 59.c6 Nb6 60.Rh5 Nc8 61.Kc5 Ke7 62.Bd5 Nb6 63.Rh7 Nxd5 64.Kxd5 Rc8
65.Kc5 Rg8 66.c7 Kd7  1/2-1/2

[Event "12th Monarch Assurance"]
[Site "Port Erin IOM"]
[Date "2003.09.05"]
[Round "9"]
[White "Lane,G"]
[Black "Menacher,M"]
[Result "1-0"]
[WhiteElo "2412"]
[BlackElo "2327"]

1.e4 d5 2.exd5 Qxd5 3.Nc3 Qd6 4.Bc4 Nf6 5.Nf3 a6 6.a4 Nc6 7.d3 Bg4 8.h3 Bxf3
9.Qxf3 e6 10.O-O Be7 11.Bf4 Qd7 12.Rfe1 O-O 13.Ne4 Nd4 14.Qd1 b5 15.Ba2 bxa4
16.c3 Nb3 17.Bxb3 axb3 18.Qxb3 Qxd3 19.Nxf6+ Bxf6 20.Bxc7 Rfc8 21.Bg3 Be7
22.Red1 Qg6 23.Qb7 Re8 24.Rxa6 Rac8 25.Rc6 Ra8 26.Rc7 Reb8 27.Qc6 Bf6 28.Ra7 Qc2
29.Rf1  1-0

[Event "1st League TCh-SCG"]
[Site "Budva SCG"]
[Date "2003.09.06"]
[Round "8"]
[White "Brenjo,S"]
[Black "Radibratovic,P"]
[Result "1-0"]
[WhiteElo "2424"]
[BlackElo "2328"]

1.e4 d5 2.exd5 Qxd5 3.Nc3 Qd6 4.d4 Nf6 5.Nf3 c6 6.Ne5 Nbd7 7.Nc4 Qc7 8.Qf3 Nb6
9.Bf4 Qd8 10.Be5 Be6 11.Ne3 Nbd5 12.Be2 Nxe3 13.Qxe3 Qa5 14.O-O Rd8 15.b4 Qb6
16.a4 a6 17.Qg3 Rc8 18.b5 Nd5 19.a5 Qa7 20.Nxd5 cxd5 21.b6 Qa8 22.Bc7 h5
23.Qe5 Rh6 24.Bxh5 Rf6 25.Rfe1 g6 26.Bg4 Bg7 27.c4 Kf8 28.Bxe6 Rxe6 29.Qxd5 Rc6
30.Qd7 Re8 31.Rac1 e6 32.d5 exd5 33.Bd6+ Rxd6 34.Qxd6+ Kg8 35.Rxe8+ Qxe8
36.Qxd5  1-0

[Event "1st League TCh-SCG w"]
[Site "Budva SCG"]
[Date "2003.09.06"]
[Round "8"]
[White "Milenkovic,H"]
[Black "Miloradovic,M"]
[Result "0-1"]
[WhiteElo "2033"]
[BlackElo "2005"]

1.e4 d5 2.exd5 Qxd5 3.Nc3 Qd8 4.d4 Nf6 5.h3 c6 6.Nf3 Bf5 7.Bd3 Bxd3 8.Qxd3 e6
9.O-O Be7 10.Ne2 O-O 11.c4 Nbd7 12.Ng3 c5 13.a3 Rc8 14.b3 Qc7 15.Bb2 Rfd8
16.Rfe1 cxd4 17.Nxd4 Ne5 18.Qe3 Qb6 19.Rab1 Ned7 20.Re2 Nf8 21.Rd1 Ng6 22.Red2 Re8
23.Rc1 e5 24.Ndf5 Bc5 25.Qc3 a5 26.Rcd1 Rc6 27.h4 Nf4 28.Qf3 Qc7 29.Ne4 Nxe4
30.Qxe4 Rg6 31.Ng3 Rg4 32.Qf5 Qc6 33.Rd5 Rxg3 34.Bxe5 Rxg2+ 35.Kh1 Rxf2 36.Bxf4 Bd6  0-1

[Event "VII Pablo Gorbea"]
[Site "Madrid ESP"]
[Date "2003.09.07"]
[Round "7"]
[White "Sanchez,Joseph"]
[Black "Hernando Rodrigo,Jo"]
[Result "1-0"]
[WhiteElo "2410"]
[BlackElo "2357"]

1.e4 d5 2.exd5 Qxd5 3.Nc3 Qd6 4.d4 Nf6 5.Nf3 a6 6.Be3 b5 7.Bd3 Bb7 8.Qe2 e6
9.O-O-O Be7 10.Ng5 Nbd7 11.h4 Nb6 12.Rhe1 h6 13.Nge4 Nxe4 14.Nxe4 Qd5 15.Kb1 Nc4
16.Bc1 Nd6 17.Qg4 Kf8 18.f3 b4 19.Nc5 Bf6 20.Be4 Nxe4 21.fxe4 Qc6 22.Rf1 Kg8
23.Rxf6  1-0

[Event "FSIM September"]
[Site "Budapest HUN"]
[Date "2003.09.08"]
[Round "3"]
[White "Szabo,K"]
[Black "Brustkern,J"]
[Result "1/2-1/2"]
[WhiteElo "2277"]
[BlackElo "2227"]

1.e4 d5 2.exd5 Qxd5 3.Nc3 Qd6 4.d4 Nf6 5.Nf3 a6 6.g3 b5 7.Bg2 Bb7 8.O-O e6
9.Ne5 Bxg2 10.Kxg2 b4 11.Qf3 Ra7 12.Ne4 Qd5 13.Nxf6+ gxf6 14.Qxd5 exd5 15.Ng4 Nd7
16.Bf4 h5 17.Ne3 Nb6 18.Nf5 Nc4 19.b3 Na3 20.Rfe1+ Kd7 21.Re2 Nb5 22.Rae1 Ra8
23.Re3 a5 24.f3 a4 25.bxa4 Rxa4 26.Re8 Rxa2 27.Rb8 Rxc2+ 28.Kh3 Kc6 29.Ne3 Rc3
30.Ra1 Ra3 31.Rc1+ Rc3 32.Ra1 Na3 33.Nd1 Rxf3 34.Rc1+ Nc4 35.Ne3 Rf2 36.Nxc4 dxc4
37.Rxc4+ Kd5 38.Rxc7 h4 39.Rcc8 hxg3+ 40.Kxg3 Rxf4 41.Kxf4 Bd6+ 42.Kf3 Rh3+
43.Kg4 Rxh2 44.Rb7 f5+ 45.Kxf5 Rf2+ 46.Kg5 Rg2+  1/2-1/2

[Event "TCh-CRO w"]
[Site "Rabac CRO"]
[Date "2003.09.08"]
[Round "2"]
[White "Jelica,M"]
[Black "Kaps,D"]
[Result "1/2-1/2"]
[WhiteElo "2236"]
[BlackElo "2237"]

1.e4 d5 2.exd5 Qxd5 3.Nc3 Qd6 4.d4 Nf6 5.Nf3 a6 6.h3 b5 7.a4 b4 8.Ne2 Bb7
9.Bf4 Qd8 10.Nc1 e6 11.Nb3 Bd6 12.Ne5 O-O 13.Rg1 Nd5 14.Bh2 Nc6 15.Bd3 Qg5
16.Qg4 Qxg4 17.hxg4 f6 18.Nxc6 Bxc6 19.Rh1 h6 20.Na5 Bd7 21.Nb7 Bxh2 22.Rxh2 a5
23.Nc5 Bc6 24.O-O-O Kf7 25.Be4 Rad8 26.Bf3 Rd6 27.Rhh1 Nf4 28.Bxc6 Rxc6 29.g3 Nd5
30.Rhe1 Rd8 31.f4 Ne7 32.Re4 f5 33.Re5 fxg4 34.Nb7 Ra8 35.Nxa5 Rca6 36.Nb3 Rxa4
37.Rde1 R4a6 38.Kd2 Rd6 39.Rb5 Nf5 40.Rxb4 Nxg3 41.Rc4 c6 42.Nc5 Nf5 43.c3 Ra2
44.Rb4 g3 45.Ne4 Rd5 46.Rg1 Rb5 47.Rxb5 cxb5 48.Kc2 g6 49.Nxg3 Nd6 50.Kb3 Ra4
51.Re1 Nc4 52.Ne4 Ra6 53.Re2 Ra1 54.Nc5 Rb1 55.Ka2 Rf1 56.Nxe6 h5 57.b3 Nb6
58.Ng5+ Kf8 59.Re5 h4 60.Rxb5 Nd7 61.d5 Ke7 62.Rb4 Rh1 63.Re4+ Kd6 64.c4 h3
65.Re6+ Kc5 66.Rxg6 Kb4 67.Nf3 Rf1 68.Rg3 h2 69.Nxh2 Rf2+ 70.Kb1 Rxh2 71.Rf3 Rh6
72.Kc2 Rh2+ 73.Kd1 Rb2 74.f5 Rxb3 75.Rf4 Kc5 76.Kc2 Rb6 77.Re4 Rf6 78.Rf4 Ne5
79.Kc3 Nd7 80.Kd3 Nb6 81.Kc3 Nxd5+ 82.cxd5 Kxd5  1/2-1/2

[Event "1st League TCh-SCG w"]
[Site "Budva SCG"]
[Date "2003.09.09"]
[Round "11"]
[White "Marcetic,Ma"]
[Black "Jovanovic,Mirj"]
[Result "1-0"]
[WhiteElo "2261"]
[BlackElo "2066"]

1.e4 d5 2.exd5 Qxd5 3.Nc3 Qd8 4.d4 c6 5.Bc4 Nf6 6.Nf3 Bg4 7.Bxf7+ Kxf7 8.Ne5+ Kg8
9.Nxg4 Nxg4 10.Qxg4 h6 11.Be3 Kh7 12.h4 Nd7 13.Qf5+ Kg8 14.Qe6+ Kh7 15.Ne4  1-0

[Event "TCh-CRO"]
[Site "Rabac CRO"]
[Date "2003.09.09"]
[Round "3"]
[White "Dabo Peranic,R"]
[Black "Sermek,D"]
[Result "0-1"]
[WhiteElo "2341"]
[BlackElo "2577"]

1.e4 d5 2.exd5 Qxd5 3.Nc3 Qd6 4.d4 Nf6 5.Nf3 a6 6.Be2 Nbd7 7.O-O e6 8.Bg5 Be7
9.Qd2 b5 10.Bf4 Qb6 11.d5 Nc5 12.dxe6 Nxe6 13.Be3 Bc5 14.Bxc5 Qxc5 15.Rad1 Bb7
16.Nd4 O-O-O 17.Nxe6 fxe6 18.Qe3 Qxe3 19.fxe3 Rd6 20.Bf3 Rhd8 21.Rxd6 cxd6
22.a3 d5 23.Be2 Kc7 24.g4 h6 25.h4 Kd6 26.g5 hxg5 27.hxg5 Nh7 28.Rf4 e5 29.Rh4 Nxg5
30.Rg4 Ne6 31.Kf2 Rf8+ 32.Ke1 g5 33.b4 Rh8 34.Rg3 d4 35.Nd1 Rh2 36.c3 Bd5
37.cxd4 exd4 38.Nf2 dxe3 39.Rxe3 Nd4 40.Bd1 Rh4 41.Rg3 Ne6 42.Bg4 Rh6 43.Kd2 Nf4
44.Bc8 Kc7 45.Bf5 Rh2 46.Ke3 Rg2 47.Rxg2 Bxg2 48.Ne4 Nd5+ 49.Kd4 Bxe4 50.Kxe4 Nb6
51.Kd4 Kd6 52.Bh3 Nd7 53.Bg4 Kc7 54.Bd1 Nb6 55.Bg4 Nc8 56.Bd1 Ne7 57.Kc5 Nf5
58.Bg4 Ne3 59.Be2 Nc2 60.a4 bxa4 61.Kc4 a3  0-1

[Event "56th ch-RUS"]
[Site "Krasnoyarsk RUS"]
[Date "2003.09.11"]
[Round "8"]
[White "Sveshnikov,E"]
[Black "Khairullin,I"]
[Result "1/2-1/2"]
[WhiteElo "2561"]
[BlackElo "2445"]

1.e4 d5 2.exd5 Qxd5 3.Nc3 Qd8 4.d4 Nf6 5.Nf3 c6 6.Bc4 b5 7.Bb3 e6 8.Ne5 Bb7
9.Qe2 Be7 10.a4 O-O 11.axb5 cxb5 12.Qxb5 Qxd4 13.Be3 Qb4 14.O-O a6 15.Qe2 Nbd7
16.Ra4 Qd6 17.Bf4 Nxe5 18.Bxe5 Qc6 19.f3 Rfd8 20.Kh1 Rac8 21.Rc4 Qb6 22.Rxc8 Rxc8
23.Rd1 Rd8 24.Rxd8+ Qxd8 25.h3 Nd7 26.Bg3 Nc5 27.Bc4 Bf6 28.Nd1 a5 29.c3 Bd5
30.Ne3 Bxc4 31.Qxc4 Nd3 32.Qb5 h5 33.Nc4 Qd5 34.Qe8+ Kh7 35.Qxf7 Qxc4 36.Qxh5+  1/2-1/2

[Event "56th ch-RUS"]
[Site "Krasnoyarsk RUS"]
[Date "2003.09.11"]
[Round "8"]
[White "Dolmatov,S"]
[Black "Ovetchkin,R"]
[Result "1/2-1/2"]
[WhiteElo "2605"]
[BlackElo "2519"]

1.e4 d5 2.exd5 Qxd5 3.Nc3 Qd6 4.d4 Nf6 5.Nf3 a6 6.g3 b5 7.Bg2 Bb7 8.O-O e6
9.Ne5 Qb6 10.Be3 Bxg2 11.Kxg2 Qb7+ 12.Qf3 Qxf3+ 13.Kxf3 Bd6 14.Nd3 Nbd7 15.a4 b4
16.Ne2 Nd5 17.Nec1 Rc8 18.Nb3  1/2-1/2

[Event "TCh-CRO w"]
[Site "Rabac CRO"]
[Date "2003.09.12"]
[Round "6"]
[White "Solic,K"]
[Black "Kaps,D"]
[Result "1-0"]
[WhiteElo "2133"]
[BlackElo "2237"]

1.e4 d5 2.exd5 Qxd5 3.Nc3 Qd6 4.Nf3 Nf6 5.Be2 a6 6.d4 Nc6 7.Bg5 Bf5 8.Qd2 Nb4
9.Rc1 O-O-O 10.O-O e6 11.Ne5 Bg6 12.Rfd1 Be7 13.Bf4 Qb6 14.Bg3 Nh5 15.Na4 Qa7
16.a3 Nxg3 17.hxg3 Nd5 18.c4 Nf6 19.c5 Nd5 20.Qa5 Kb8 21.c6 b6 22.Qxa6 Qxa6
23.Bxa6 f6 24.Nd7+ Ka7 25.Bb5 Bd6 26.Rc4 Rxd7 27.cxd7 Ne7 28.Rdc1 Rd8 29.Nc3 Kb7
30.d5 exd5 31.Nxd5 c5 32.Nxe7 Bxe7 33.R4c3 Bf5 34.Re1 Bd6 35.Re8 Kc7 36.Rxd8 Kxd8
37.Kf1 Bxd7 38.Bxd7 Kxd7 39.a4 Be5 40.Rb3 Kc6 41.Ke2 Bd4 42.f3 c4 43.Rb5 g6
44.g4 g5 45.g3 h6 46.f4 Bc5 47.Kf3 Kd5 48.a5 bxa5 49.Rxa5 Kd4 50.Ra6 gxf4
51.gxf4 Kd5 52.Rxf6 Bd4 53.Rxh6 Bxb2 54.Rh7 c3 55.Ke3 Kc4 56.f5 Bc1+ 57.Ke4 Bd2
58.Rh8 c2 59.Rc8+ Kb3 60.Rxc2 Kxc2 61.f6 Kc3 62.Kf5 Kd4 63.g5 Kd5 64.g6 Bh6
65.g7  1-0

[Event "FSIM September"]
[Site "Budapest HUN"]
[Date "2003.09.14"]
[Round "9"]
[White "Steiner,B"]
[Black "Brustkern,J"]
[Result "0-1"]
[WhiteElo "2245"]
[BlackElo "2227"]

1.e4 d5 2.exd5 Qxd5 3.Nc3 Qd6 4.d4 Nf6 5.Nf3 a6 6.g3 b5 7.Bf4 Qb6 8.Bg2 Bb7
9.O-O e6 10.a4 b4 11.a5 Qa7 12.Ne2 Bd5 13.c4 bxc3 14.bxc3 Bd6 15.Bxd6 cxd6
16.Nf4 Be4 17.Re1 Nbd7 18.g4 h6 19.h4 d5 20.Ne5 g5 21.hxg5 hxg5 22.Nfd3 Qc7
23.Bxe4 dxe4 24.f4 exd3 25.fxg5 Qxc3 26.Qa4 d2  0-1

[Event "3rd ch-Euro Senior"]
[Site "Saint Vincent ITA"]
[Date "2003.09.21"]
[Round "5"]
[White "Dragojlovic,A"]
[Black "Yeuillaz,C"]
[Result "1-0"]
[WhiteElo "2312"]
[BlackElo "2192"]

1.e4 d5 2.exd5 Qxd5 3.Nc3 Qd6 4.Bc4 Nf6 5.Nf3 c6 6.a4 Bg4 7.h3 Bh5 8.g4 Bg6
9.Qe2 Nbd7 10.d4 e6 11.Be3 Nb6 12.Bb3 Qc7 13.Ne5 Bb4 14.O-O Bxc3 15.bxc3 Nbd5
16.Bd2 O-O-O 17.c4 Ne7 18.c3 Nd7 19.Bf4 Qb6 20.Ra3 c5 21.a5 Qa6 22.Nxd7 Rxd7
23.Ba4  1-0

[Event "Osen I"]
[Site "Alushta UKR"]
[Date "2003.09.24"]
[Round "12"]
[White "Zavgorodniy,S"]
[Black "Danielian,E"]
[Result "1/2-1/2"]
[WhiteElo "2409"]
[BlackElo "2400"]

1.e4 d5 2.exd5 Qxd5 3.Nc3 Qd6 4.g3 Nf6 5.Bg2 Nc6 6.Nge2 Bg4 7.h3 Bf5 8.d3 e5
9.Be3 Qd7 10.a3 O-O-O 11.g4  1/2-1/2

[Event "2nd League TCh-SCG"]
[Site "Belgrade SCG"]
[Date "2003.09.27"]
[Round "1"]
[White "Velickovic,Sa"]
[Black "Ostojic,N"]
[Result "1/2-1/2"]
[WhiteElo "2399"]
[BlackElo "2425"]

1.e4 d5 2.exd5 Qxd5 3.Nc3 Qd8 4.Nf3 Nf6 5.d4 c6 6.h3 Bf5 7.Bd3 Bxd3 8.Qxd3 e6
9.O-O Nbd7 10.Ne4 Be7 11.c4 O-O 12.Bf4 Nxe4 13.Qxe4 Qa5 14.Bd2 Qh5  1/2-1/2

[Event "12th Monarch Assurance"]
[Site "Port Erin IOM"]
[Date "2003.09.27"]
[Round "1"]
[White "Kotronias,V"]
[Black "Zatonskih,A"]
[Result "1/2-1/2"]
[WhiteElo "2602"]
[BlackElo "2423"]

1.e4 d5 2.exd5 Qxd5 3.Nc3 Qd6 4.d4 Nf6 5.Nf3 c6 6.Ne5 Nbd7 7.Nc4 Qc7 8.Qf3 Nb6
9.Ne5 Be6 10.Bf4 Qc8 11.O-O-O Nfd5 12.Nxd5 Nxd5 13.Be2 g6 14.Bd2 Bg7 15.c4 Nb6
16.b3 Nd7 17.Bf4 Nxe5 18.Bxe5 Bxe5 19.dxe5 Qc7 20.Qe3 Bd7 21.Bf3 Qa5 22.Kb2 O-O-O
23.h4 Be6 24.h5 Rxd1 25.Rxd1 Rd8 26.Rxd8+ Kxd8 27.a3 Qb6 28.c5 Qc7 29.Be2 Qd7
30.h6 Kc8 31.f3 Qd8 32.g4 Qd7 33.Bd3 Kb8 34.Bc2 Kc8 35.Kc3 Qd8 36.b4 Qd5
37.Kb2 Qa2+ 38.Kc1 Qa1+ 39.Kd2 Qf1 40.Bd1 Kc7 41.Be2 Qa1 42.Bd1 Qb2+ 43.Bc2 Qa1
44.a4 a6 45.g5 Bd5 46.f4 Qb2 47.Qc3 Qxc3+ 48.Kxc3 e6 49.Kd4 Kd7 50.Bd1 Ba2
51.Bc2 Bd5 52.Bd1 Ba2 53.Kc3 Bd5 54.Kd3 Kc7 55.Ke3 Kd8 56.Bc2 Ba2 57.Bd1 Bd5
58.Kd2 Kc8 59.Ke2 Kd8 60.Kf2 Kc8 61.Kg3  1/2-1/2

[Event "ch-IRI"]
[Site "Mashad IRI"]
[Date "2003.09.28"]
[Round "6"]
[White "Darban,M"]
[Black "Mohammadi,H"]
[Result "1/2-1/2"]
[WhiteElo "2341"]
[BlackElo "2267"]

1.e4 d5 2.exd5 Qxd5 3.Nc3 Qd6 4.d4 c6 5.Nf3 Bg4 6.Be2 Nf6 7.O-O e6 8.Bg5 Nbd7
9.h3 Bh5 10.Re1 Be7 11.Qd2 Qc7 12.Ne5 Bxe2 13.Qxe2 O-O 14.Ne4 Rae8 15.Nxd7 Nxd7
16.Bxe7 Rxe7 17.c4 Nb6 18.Rad1 Rd8 19.b3 Kf8 20.Qh5 h6 21.Qc5 Nc8 22.Nc3 Qb6
23.Qe5 Qc7 24.Qe4 Kg8 25.Qg4 Nd6 26.Re3 Nf5 27.Red3 Red7 28.Qe4 Ne7 29.R1d2 Qa5
30.Nd1 Qf5 31.Qe2 Qf6 32.Ne3 Rxd4 33.Nd5 R4xd5 34.cxd5 Nxd5 35.Qe4 Ra8 36.Qd4 Qxd4
37.Rxd4 Kf8 38.Rb2 a5 39.Ra4 Nc3 40.Rc4 Nd5 41.Rd2 Ke7 42.Rg4 g6 43.Rh4 h5
44.Rc4 Kd6 45.Kh2 Ke7 46.Kg3 e5 47.Kf3 f5 48.Ke2 Ke6 49.f3 Rc8 50.Kf2 Rh8
51.h4 Kf6 52.a3 Ra8 53.g3 Ke6 54.Re2 Kd6 55.Rec2 Nb6 56.Rc5 Nd5 57.Rc1 Ra6
58.R5c2 Rb6 59.Rb2 Ra6 60.Ke2 Ke6 61.Kd3 Kd6 62.Rd2 Rb6 63.Rb2 Ra6 64.Re2 Rb6
65.Kc2 Rb5 66.Kb2 Nf6 67.Rd1+ Rd5  1/2-1/2

[Event "ch-IRI"]
[Site "Mashad IRI"]
[Date "2003.09.28"]
[Round "7"]
[White "Mahmoud,P"]
[Black "Doostkam,P"]
[Result "1/2-1/2"]
[WhiteElo "2297"]
[BlackElo "2232"]

1.e4 d5 2.exd5 Qxd5 3.Nc3 Qd6 4.d4 Nf6 5.Nf3 a6 6.g3 Bg4 7.Bg2 Nc6 8.O-O O-O-O
9.Be3 e6 10.a3 e5 11.dxe5 Nxe5 12.Nxe5 Bxd1 13.Nxf7 Bxc2 14.Nxd6+ Bxd6 15.Rac1 Bb3
16.Rfe1 Rhe8 17.Bd4 Bf4 18.Bh3+ Kb8 19.Rxe8 Nxe8 20.Re1 Bd2 21.Re7 Rxd4 22.Rxe8+ Ka7
23.Ne2 Rd6 24.Re7 Bc4 25.Bg4 Ba5 26.b4 Bb6 27.Rxg7 Rd2 28.Re7 Bd5 29.Nc3 Bxf2+
30.Kf1 Bc6 31.Re2 Rxe2 32.Kxe2 Bd4 33.Kd3 Bg1 34.h3 Be8 35.Bf5 h6 36.Be4 Bd7
37.g4 c5 38.Bf5 Be8 39.h4 cxb4 40.axb4 Bf2 41.g5 Bxh4 42.gxh6 Bf6 43.h7 b6
44.Nd5 Bh8 45.Ne7 a5 46.bxa5 bxa5 47.Ng6  1/2-1/2

[Event "ECC Women"]
[Site "Rethymnon GRE"]
[Date "2003.09.28"]
[Round "1"]
[White "Stjazhkina,O"]
[Black "Chelushkina,I"]
[Result "0-1"]
[WhiteElo "2359"]
[BlackElo "2362"]

1.e4 d5 2.exd5 Qxd5 3.Nc3 Qd8 4.d4 Nf6 5.Nf3 g6 6.Bf4 c6 7.Qd2 Qa5 8.Bc4 Bg7
9.O-O Qd8 10.Rfe1 O-O 11.Qe2 b5 12.Bb3 a5 13.a3 e6 14.Ne4 Nd5 15.Bd6 Re8
16.Bc5 Na6 17.Bxd5 Qxd5 18.Bb6 a4 19.Rad1 Bb7 20.Ne5 c5 21.Qxb5 cxd4 22.Qxa4 Nc5
23.Qb4 Nxe4 24.f3 Bxe5 25.fxe4 Qc6 26.b3 d3 27.Rxd3 Ba6 28.Qa5 Bxd3  0-1

[Event "ECC"]
[Site "Rethymnon GRE"]
[Date "2003.09.28"]
[Round "1"]
[White "Svidler,P"]
[Black "Cicak,S"]
[Result "1-0"]
[WhiteElo "2723"]
[BlackElo "2530"]

1.e4 d5 2.exd5 Qxd5 3.Nc3 Qd6 4.d4 c6 5.Bg5 Nf6 6.Qd2 Bf5 7.O-O-O e6 8.Nf3 Nbd7
9.a3 Qc7 10.Ne5 Be7 11.f4 h6 12.Bxf6 Nxf6 13.Bd3 Bxd3 14.Qxd3 Bd6 15.Qf3 O-O-O
16.Rd3 Kb8 17.Kb1 a6 18.Rhd1 Rhf8 19.g3 Be7 20.Qe2 Nd7 21.Nf3 Rfe8 22.Ne4 f6
23.Re3 g5 24.Nc3 Nf8 25.f5 exf5 26.d5 c5 27.Re1 Ng6 28.Re6 g4 29.Nh4 Ne5
30.Nxf5 h5 31.Nxe7 Rxe7 32.Rxf6 Nc6 33.Qf2 Rxe1+ 34.Qxe1 Nd4 35.Qe4 Nf3 36.Qf5 Nxh2
37.Rf7 Qd6 38.Qh7 Qb6 39.Na4 Qb5 40.c4 Qb3 41.Nxc5  1-0

[Event "2nd League TCh-SCG"]
[Site "Belgrade SCG"]
[Date "2003.09.30"]
[Round "4"]
[White "Marinkovic,Sl"]
[Black "Popchev,M"]
[Result "1/2-1/2"]
[WhiteElo "2446"]
[BlackElo "2451"]

1.e4 d5 2.exd5 Qxd5 3.Nc3 Qd8 4.d4 Nf6 5.Bg5 a6 6.Nf3 e6 7.Be2 Be7 8.O-O Nc6
9.Qd2 O-O 10.Rad1 Nd5 11.Nxd5 exd5 12.Bxe7 Qxe7  1/2-1/2

[Event "ECC"]
[Site "Rethymnon GRE"]
[Date "2003.10.01"]
[Round "4"]
[White "Nevanlinna,R"]
[Black "Nedela,V"]
[Result "0-1"]
[WhiteElo "2357"]
[BlackElo "2381"]

1.e4 d5 2.exd5 Qxd5 3.Nc3 Qd6 4.Bc4 c6 5.Qe2 Nf6 6.h3 Nbd7 7.d3 b5 8.Bb3 Nc5
9.Nf3 e6 10.d4 Nxb3 11.axb3 Bb7 12.O-O Be7 13.Bg5 a6 14.Rfe1 Rd8 15.Rad1 O-O
16.Bxf6 gxf6 17.Ne4 Qd5 18.c4 Qh5 19.c5 Kh8 20.b4 Rg8 21.Ng3 Qg6 22.Qe3 Rd5
23.Qf4 Bc8 24.Qc7 Bd7 25.Re4 Bd8 26.Qb7 h5 27.Rh4 Kg7 28.Kf1 Kf8 29.Qb8 Bc8
30.Ne1 Be7 31.Rd3 e5 32.Rxh5 Rxd4 33.Ke2 Rd8 34.Qc7 Bd7 35.Rd1 Ke8 36.Rxd7 Rxd7
37.Qxc6 Qb1 38.Rh4 f5 39.Qc8+ Bd8 40.Nh5 Rd1 41.Qc6+ Ke7 42.Qf6+ Kd7 43.Rd4+ Rxd4
44.Qxf7+ Kc8 45.Qxg8 Qe4+ 46.Kf1 Rd1 47.Qe6+ Kb8 48.Kg1 Qxe1+ 49.Kh2 f4  0-1

[Event "Tatry Open"]
[Site "Tatranske Zruby SVK"]
[Date "2003.10.04"]
[Round "9"]
[White "Pinter,E"]
[Black "Sergeev,Vl"]
[Result "1/2-1/2"]
[WhiteElo "2411"]
[BlackElo "2451"]

1.e4 d5 2.exd5 Qxd5 3.Nc3 Qd6 4.Bc4 Nf6 5.d3 a6 6.Nge2 b5 7.Bb3 Bb7 8.f3 Nbd7
9.Ng3 c5 10.Qe2 e6 11.a4 Qb6 12.Nf5 h5 13.Ne3 Be7 14.Bd2 g6 15.O-O-O Bc6
16.Rhe1 Qb7 17.f4 Nb6 18.a5 Nbd5 19.Nexd5 Nxd5 20.Ne4 Qc7 21.g3 b4 22.Ng5 Bxg5
23.fxg5 Qxa5 24.Kb1 Qc7 25.Qf2 Bb7 26.Ba4+ Bc6 27.Bb3 Bb7 28.Ba4+ Bc6 29.Bb3 Qe7
30.Re5 O-O-O 31.Rf1 Rd7 32.Be3 Qd6 33.Bxc5 Qxe5 34.Bd4 Qxg5 35.Bxh8 Qe3 36.Bxd5 Qxf2
37.Rxf2 Bxd5 38.b3 Kc7 39.Kc1 Kd6 40.Kd2 f5 41.h4 e5 42.Re2 Re7 43.Re1 Bc6
44.Bf6 Re8 45.Bg5 Kd5 46.Be3 Ra8 47.Bb6 Re8 48.Bc7 Re7 49.Bd8 Re6 50.Bc7 Re8
51.Bb6 Kd6 52.Ba5 Kc5 53.c3 bxc3+ 54.Kxc3 Kd5 55.Kd2 Re7 56.Bc3 Bb5 57.Re3 e4
58.dxe4+ fxe4 59.Bf6 Rf7 60.Bg5 Rf2+ 61.Kc3 Bd3 62.Bd8 Rc2+ 63.Kb4 Rc1 64.Bb6 Ke5
65.Ka3 Kf5 66.Ba5 Ra1+ 67.Kb4 Kg4 68.Bc7 Rc1 69.Bf4 Rf1 70.Kc3  1/2-1/2

[Event "Arctic Cup u16"]
[Site "Salekhard RUS"]
[Date "2003.10.08"]
[Round "5"]
[White "Kuznetsov,Vi2"]
[Black "Lysyj,I"]
[Result "0-1"]
[WhiteElo "2367"]
[BlackElo "2470"]

1.e4 d5 2.exd5 Qxd5 3.Nc3 Qd6 4.d4 Nf6 5.Nf3 a6 6.g3 Bg4 7.h3 Bh5 8.g4 Bg6
9.Ne5 Nc6 10.Nxc6 Qxc6 11.d5 Qd6 12.Bg2 O-O-O 13.O-O e6 14.Bg5 h5 15.gxh5 Rxh5
16.Bxf6 gxf6 17.dxe6 Qxd1 18.Raxd1 Rxd1 19.Rxd1 fxe6 20.Re1 Bf7 21.Ne4 f5
22.Nd2 Bg7 23.Nc4 f4 24.b3 Rc5 25.Be4 b5 26.Nd2 Bc3 27.Re2 Bh5 28.f3 Rg5+
29.Kh2 Kd7 30.Bd3 Rd5 31.Ne4 Bh8 32.Kg2 Ke7 33.Nf2 Bc3 34.Ne4 Bd4 35.c4 Rd8
36.Ng5 Be3 37.Bc2 bxc4 38.bxc4 Rd4 39.c5 Rc4 40.Bb3 Rxc5 41.h4 Rc1 42.Rc2 Rxc2+
43.Bxc2 e5 44.Bb3 Bd2 45.Kf2 Bb4 46.Ke2 a5 47.Kd3 Bg6+ 48.Ke2 Be8 49.Kd3 a4
50.Bc4 Bg6+ 51.Ke2 a3 52.Bb3 c6 53.Bc4 Ba5 54.Bd3 Be8 55.Bc4 Bd8 56.Kd3 Bg6+
57.Ke2 Ke8 58.Ne4 Bxe4 59.fxe4 Bxh4 60.Bb3 Ke7 61.Ba4 Kd6 62.Kd3 f3 63.Bd1 f2
64.Be2 Kc5 65.Kc3 Bd8  0-1

[Event "Arctic Cup u16"]
[Site "Salekhard RUS"]
[Date "2003.10.09"]
[Round "6"]
[White "Ivanov,Al3"]
[Black "Lysyj,I"]
[Result "0-1"]
[WhiteElo "2257"]
[BlackElo "2470"]

1.e4 d5 2.exd5 Qxd5 3.Nc3 Qd6 4.d4 Nf6 5.Nf3 a6 6.g3 Bg4 7.Bg2 Nc6 8.O-O O-O-O
9.Be3 e5 10.dxe5 Nxe5 11.Qxd6 Bxd6 12.Ng5 h6 13.Nge4 Nxe4 14.Nxe4 Be7 15.b3 Nf3+
16.Kh1 Nd4 17.f3 Bf5 18.Rf2 Bh7 19.Re1 f5 20.c3 Ne6 21.Nd2 Bf6 22.c4 Nd4
23.Nf1 g5 24.f4 Bg6 25.Rd2 Rhe8 26.Red1 Bh5 27.Rc1 Ne2 28.Rcc2 Nd4 29.Rc1 c6
30.Rf2 Ne2 31.Rc2 gxf4 32.gxf4 Nc3 33.Bf3 Bg4 34.Bxg4 fxg4 35.Rfd2 Rxd2 36.Rxd2 Ne4
37.Rd3 h5 38.Ng3 Nxg3+ 39.hxg3 Rd8 40.Rxd8+ Kxd8 41.Kg2 Ke7 42.Bc5+ Ke6 43.Kf2 Kf5
44.Ke3 Bc3 45.Be7 Bg7 46.Bd8 Bb2 47.Be7 Bc1+ 48.Kf2 Ke4 49.Ke2 Bb2 50.Bd8 Bc3
51.Be7 Bd4 52.Bd8 Bg7 53.Bb6 Bf6 54.Bc7 h4 55.gxh4 Bxh4 56.a4 Bg3 57.Bb6 Bxf4
58.b4 Be5 59.b5 g3 60.bxa6 bxa6  0-1

[Event "FSIM October"]
[Site "Budapest HUN"]
[Date "2003.10.10"]
[Round "7"]
[White "Berczes,C"]
[Black "Brustkern,J"]
[Result "0-1"]
[WhiteElo "2309"]
[BlackElo "2214"]

1.e4 d5 2.exd5 Qxd5 3.Nc3 Qd6 4.d4 Nf6 5.Nf3 a6 6.g3 b5 7.Bf4 Qb6 8.Bg2 Bb7
9.O-O e6 10.a4 Bd6 11.Bxd6 cxd6 12.axb5 axb5 13.Qe2 Rxa1 14.Rxa1 Bc6 15.Ng5 Bxg2
16.Kxg2 O-O 17.Nxb5 Nc6 18.c3 h6 19.Nf3 d5 20.Ne5 Rb8 21.Nxc6 Qxc6 22.Ra5 Qb6
23.b4 Qc6 24.Qd3 Rc8 25.Ra3 Rb8 26.Na7 Qc7 27.Ra5 Ne8 28.Nb5 Qc6 29.Na3 Nd6
30.Qa6 Qd7 31.Rc5 Ne4 32.Rc6 e5 33.Rb6 Rc8 34.f3 Ng5 35.g4 Nxf3 36.Kxf3 Rxc3+
37.Kf2 Qxg4 38.Qa8+ Kh7 39.Qxd5 Rxa3 40.dxe5 Qf4+ 41.Kg2 Re3 42.Rf6 Re2+
43.Kg1 Re1+ 44.Kg2 Qg4+ 45.Kf2 Qe2+ 46.Kg3 Rg1+ 47.Kf4 g5+ 48.Kf5 Rf1+  0-1

[Event "EuTCh w"]
[Site "Plovdiv BUL"]
[Date "2003.10.12"]
[Round "2"]
[White "Jackova,J"]
[Black "Koskoska,G"]
[Result "1/2-1/2"]
[WhiteElo "2319"]
[BlackElo "2240"]

1.e4 d5 2.exd5 Qxd5 3.Nc3 Qd8 4.Nf3 Bf5 5.d4 e6 6.Be2 c6 7.Be3 Nd7 8.Nb1 h6
9.O-O Ngf6 10.c4 Be7 11.Nc3 O-O 12.Qd2 Bb4 13.Qc1 Rc8 14.Rd1 Qa5 15.Bd2 Ne4
16.Nxe4 Bxe4 17.a3 Bxd2 18.Nxd2 Bg6 19.b4 Qc7 20.Nf1 Nf6 21.Qe3 a5 22.Nd2 Rfd8
23.Nf3 Bc2 24.Rd2 Ng4 25.Qc3 Be4 26.g3 e5 27.Nxe5 Nxe5 28.dxe5 Rxd2 29.Qxd2 Qxe5
30.Re1 Rc7 31.bxa5 Qf5 32.Bf1 Rc8 33.a6 bxa6 34.c5  1/2-1/2